1355 1870 1007 1824 1266 1178 1094 1840 1457 1701 1188 1270 1238 1425 1816 1082 1933 1257 1228 1805 1376 1103 1026 1795 1058 1882 1401 1829 1685 1344 1309 1670 1378 1182 1007 1101 1970 1854 1147 1478 1144 1453 1511 1184 1536 1695 1955 1087 1292 1940 1257 1683 1245 1222 1185 1599 1060 1875 1334 1767 1587 1716 1827 1875 1073 1419 1855 1557 1639 1494 1480 1153 1145 1110 1087 1349 1338 1215 1868 1285 1904 1271 1806 1859 1607 1268 1446 1626 1450 1071 1614 1210 1486 1118 1515 1295 1106 1176 1394 BCNSPRNW ULIB Ver.6.0+V

เปลี่ยนเป็นภาษาไทย

Change to English
 แสดงรายละเอียดบรรณานุกรม
  กลับหน้าหลัก

Brief Record : Get Marc (ISO 2709) : E-mail record : QR code < ปิดหน้าต่าง
LEADER : 00000nam 2200000uu 4500
001    13399121624
003     ULIB
008    121127s2549||||th 000 0 tha d
020    ^a9749944364
060 04 ^aWS360^bว846น
245 00 ^aนรีเวชวิทยาเด็กและวัยรุ่น =^bChildhood & adolescentgynecology /^cวีระพล จันทร์ดียิ่ง, จิตติ หาญประเสริฐพงษ์, บรรณาธิการ
246 31 ^aChildhood & adolescent gynecology
250    ^aพิมพ์ครั้งที่ 2
260    ^aสงขลา :^bคณะแพทยศาสตร์ มหาวิทยาลัยสงขลานครินทร์,^c2549
300    ^a[14], 526 หน้า :^bภาพประกอบ
650  7 ^aอวัยวะสืบพันธุ์หญิง, โรค^xในวัยรุ่น
650  7 ^aนรีเวชวิทยา
650  7 ^aอวัยวะสืบพันธุ์หญิง, โรค^xในวัยทารกและวัยเด็ก
700 0  ^aวีระพล จันทร์ดียิ่ง,^eบรรณาธิการ
700 0  ^aจิตติ หาญประเสริฐพงษ์,^eบรรณาธิการ
710 2  ^aมหาวิทยาลัยสงขลานครินทร์. ^bคณะแพทยศาสตร์
945    ^p590^l0^i24595
945    ^p590^l0^i24077
995    ^a วิภา
999 ^a ใช้งานได้ทุกระบบ
รายการนี้ยังไม่มีแท็ก
คุณยังไม่ได้ล็อกอิน คุณสามารถมีกิจกรรมร่วมกับเว็บไซต์ได้ แต่ต้องล็อกอินก่อน ::
  ล็อกอิน

รายการสื่อสารสนเทศ

ลำดับที่ ประเภท เลขเรียก/บาร์โค้ด สถานที่ สถานะ
1. วิทยาศาสตร์การแพทย์ และสุขภาพ
วิทยาศาสตร์การแพทย์ และสุขภาพ
WS360 ว846น  
  Barcode: 24595
ห้องสมุดวิทยาเขตสวรรค์ประชารักษ์
►หนังสือทั่วไป
บนชั้น
2. วิทยาศาสตร์การแพทย์ และสุขภาพ
วิทยาศาสตร์การแพทย์ และสุขภาพ
WS360 ว846น ฉ.2 
  Barcode: 24077
ห้องสมุดวิทยาเขตสวรรค์ประชารักษ์
►หนังสือทั่วไป
บนชั้น

รายการใกล้เคียง
    หัวเรื่อง [นรีเวชวิทยา]

BibComment


ยังไม่เคยถูกคอมเมนท์

คอมเมนท์ทรัพยากรรายการนี้
  คอมเมนท์: นรีเวชวิทยาเด็กแ..


 Copyright 2026. Bcnsprnw @Library